000 00312nam a2200133Ia 4500
005 20260328104327.0
008 260328s9999||||xx |||||||||||||| ||und||
100 _aBrown, Tim
245 0 _aChange by Design /
_cTim Brown
260 _bHarper
300 _a264 p.
650 _aDISEÑO INDUSTRIAL
942 _cBK
999 _c11574
_d11574